[Event "ICS rated blitz match"]
[Site "207.99.5.190"]
[Date "1999.03.06"]
[Round "?"]
[White "Hossa"]
[Black "Kengtin"]
[Result "1/2-1/2"]
[WhiteElo "2365"]
[BlackElo "2171"]
[Annotator "Fritz 5.32 (15s)"]
[PlyCount "87"]

1. e4 e5 2. Nf3 Nc6 3. Bb5 a6 4. Ba4 Nf6 5. O-O Be7 6. Bxc6 dxc6 7. Nxe5 7...
Qd4 $146 (7... Nxe4 8. Qe2 (8. d4 O-O 9. Be3 f6 10. Nd3 Bf5 11. Nd2 Ng5 12. Nf4
Qd7 13. Re1 Bd6 14. c3 Qf7 15. Qb3 Ne6 16. Nxe6 Bxe6 17. Qc2 Rae8 18. Ne4 Bxa2
19. Nd2 Be6 20. Ra5 Qg6 21. Qxg6 hxg6 22. Raa1 22... Re7 {
Mora,M-Belova,V/Moscow, WCH Woman RUS 1950/0-1 (34)}) 8... Nd6 (8... Nf6 9. Re1
Be6 10. d3 O-O 11. Bg5 Re8 12. Nc3 Nd5 13. Bxe7 Qxe7 14. Nf3 14... Qf8 {
- Reuter,P-Mettendorf,G/OLBaden 1992 (14)}) 9. Re1 Nf5 10. c3 (10. d3 O-O 11.
Bf4 Qd4 12. Bd2 Qxb2 13. Bc3 Qb5 14. Nd2 Bf6 15. Ndf3 Qd5 16. a4 c5 17. Qe4 Be6
18. Rab1 b6 19. Qf4 Rad8 20. Re4 Rfe8 21. Rbe1 Nd6 22. R4e2 Qa8 23. Qc1 Bd5 24.
Qb2 Bxf3 25. Nxf3 Bxc3 26. Qxc3 Rxe2 27. Rxe2 Re8 28. Rd2 Qd5 29. h3 h6 30. Qb2
Nf5 31. c3 Re6 32. Qc2 Rg6 33. Qd1 Re6 34. Qc2 Ne7 35. d4 c4 36. Qa2 Ng6 37.
Re2 Nf4 38. Rxe6 Qxe6 39. Qd2 Qe4 40. Kh2 g5 41. Ne1 Qe2 42. Nf3 b5 43. axb5
axb5 44. h4 Qxd2 45. Nxd2 gxh4 46. Nb1 Kg7 47. Kg1 Kf6 48. Kf1 Ke6 49. Nd2 Kd5
50. Nf3 Ke4 51. Nxh4 Kd3 52. g3 Nd5 53. Nf5 53... Kxc3 {
0-1 Garcia Caballero,L-Mitkov,N/op, Las Palmas (1) 1995 (53)}) 10... O-O 11. d4
c5 12. dxc5 Bxc5 13. Nf3 Nh4 14. Nbd2 Bf5 15. Nxh4 Qxh4 16. Nf3 Qh5 17. Nd4 Bg4
18. Qe5 Qxe5 19. Rxe5 Bd6 20. Re1 20... Rfe8 {
- Jozef,P-Ron,L/Toronto closed 1992 (20)}) 8. Nf3 Qxe4 9. Re1 Qd5 10. Nc3 Qd8
11. Qe2 Bg4 12. d3 {Ueberdeckt e4} 12... Bxf3 13. Qxf3 O-O 14. Bg5 h6 15. Bxf6
$11 (15. Bf4 15... Re8 $14) 15... Bxf6 16. Rab1 Bxc3 17. bxc3 Rb8 18. Qf4 b5
19. a4 Qd7 20. axb5 axb5 21. Re5 Rfe8 22. Rbe1 22... Rxe5 {
Mit der Mattdrohung Rxe1} 23. Qxe5 Kf8 (23... Ra8 24. h3 $11) 24. c4 24... Re8
$14 (24... bxc4 25. Qc5+ Qd6 26. Qxc4 $11) 25. Qxe8+ 25... Qxe8 {Droht Matt}
26. Rxe8+ Kxe8 27. f4 Ke7 28. Kf2 bxc4 29. dxc4 c5 30. Ke3 f5 31. h4 (31. h3
31... Kd6 $11) 31... g6 32. Kd3 Kf6 33. g3 g5 34. h5 gxf4 35. gxf4 Ke6 36. c3
Kd6 37. Ke3 Ke6 38. Ke2 Kd6 39. Kf2 Kc6 40. Ke3 Kb6 41. Kd3 Ka5 42. Kc2 Kb6 43.
Kd3 Ka5 44. Kc2 1/2-1/2

[Event "ICS rated blitz match"]
[Site "207.99.5.190"]
[Date "1999.03.06"]
[Round "?"]
[White "Hossa"]
[Black "Kengtin"]
[Result "1-0"]
[WhiteElo "2357"]
[BlackElo "2177"]
[Annotator "Fritz 5.32 (15s)"]
[PlyCount "75"]

1. e4 e5 2. Nf3 Nc6 3. Bc4 Be7 4. Nc3 d6 5. Bb5 $146 (5. d4 Nf6 6. d5 Nb8 7. h3
O-O 8. Be3 c6 9. a4 a5 10. O-O Na6 11. Ne1 Nd7 12. Qd2 Nac5 13. Nd3 Nb6 14. Bb3
Nxb3 15. cxb3 f5 16. f3 f4 17. Bf2 Bh4 18. Bxh4 Qxh4 19. Qf2 19... Qxf2+ {
Bagirov,V-Novopashin,A/URS-ch 1963/ - (41)}) (5. h3 Be6 (5... Nf6 6. d3 h6 7.
O-O O-O 8. Be3 a6 9. d4 b5 10. Bb3 b4 11. Ne2 exd4 12. Nexd4 Nxd4 13. Qxd4 c5
14. Qd3 Be6 15. Bc4 a5 16. Rad1 Qc7 17. Bf4 Rfd8 18. Rfe1 Bxc4 19. Qxc4 Qc6 20.
e5 {Freitag,D-Edlich,S/Osnabrueck 1994/1-0 (41)}) 6. Bxe6 fxe6 7. O-O Nf6 8.
Re1 O-O 9. d3 h6 10. Bd2 a6 11. a3 Qe8 12. Ne2 Qg6 13. Nh4 Qf7 14. Nf3 Nh7 15.
Rf1 Qg6 16. Ng3 Bg5 17. Bxg5 Nxg5 18. Nxg5 Qxg5 19. Qc1 19... Qxc1 {
Valois,V-Cubas,R/Laguna (BRA) 1996/1-0 (43)}) (5. Nd5 Nf6 6. Nxe7 Qxe7 7. d3
Bg4 8. c3 O-O-O 9. Bb5 Nb8 10. Qe2 Nbd7 11. h3 Bxf3 12. Qxf3 c6 13. Ba4 Nc5 14.
Bc2 d5 15. O-O d4 16. Qf5+ Qe6 17. Qxe6+ Nxe6 18. f4 Nd7 19. f5 19... Nec5 {
John,C-Paul,M/BCF-ch Ayr 1978/1-0 (46)}) 5... Bd7 6. O-O Nf6 7. d3 O-O 8. Bd2
a6 9. Ba4 b5 10. Bb3 Na5 11. Nd5 Nxb3 12. Nxe7+ Qxe7 13. axb3 13... h6 {
Kontrolliert g5} 14. Ra5 c5 15. b4 Bc6 (15... c4 16. Bc3 $11) 16. bxc5 dxc5 17.
Qa1 Bb7 18. Bc3 (18. b4 18... Nd7 $11) 18... Nd7 19. Ra2 $15 (19. b3 $5 19...
f5 20. Nd2 $11 (20. Bxe5 $2 {ist nicht korrekt} 20... fxe4 (20... Nxe5 21. Nxe5
Rfe8 22. f4 $15) 21. dxe4 Rxf3 22. Bxg7 Qxe4 (22... Qxg7 $6 23. Qxg7+ Kxg7 24.
gxf3 $15) 23. Bxh6 23... Rf6 $19)) 19... Rfe8 $11 (19... b4 20. Be1 $15) 20.
Qb1 $15 (20. b3 b4 21. Bb2 21... Rad8 $11) 20... Qf6 $14 (20... b4 $5 {
kam sehr in Betracht} 21. Bd2 21... c4 $15) 21. Nxe5 Nxe5 (21... Rxe5 $2 22. f4
$1 $18 {ist die Ueberraschung!}) 22. f4 22... Qe6 $16 {Schwarz bereitet c4 vor}
(22... b4 23. fxe5 Qg6 24. Be1 $11) 23. Bxe5 f6 24. Bc3 24... c4 {Raumvorteil}
25. Rf2 cxd3 26. cxd3 Qb6 27. Ra1 $14 (27. Qc2 Kh8 28. Qd2 28... Qd6 $16) 27...
Rad8 $2 $18 (27... b4 $142 {und Schwarz spielt mit} 28. Bd2 28... Rad8 $14) 28.
Ba5 Qd4 29. Qa2+ Kh7 30. Bxd8 Rxd8 31. Qf7 (31. Qa3 31... Rc8 $18) 31... Rd7
32. Qe8 Qxd3 (32... Rc7 33. Raf1 $16) 33. e5 fxe5 (33... Rd8 34. Qh5 Qd5 35.
Rc1 $18) 34. fxe5 Rc7 35. Qb8 Re7 (35... Qc4 36. Re1 $18) 36. Qd6 Qxd6 37. exd6
Rd7 38. Rd1 (38. Rd1 Kg6 39. b4 $18) 1-0

[Event "ICS rated blitz match"]
[Site "207.99.5.190"]
[Date "1999.03.06"]
[Round "?"]
[White "libertad"]
[Black "Hossa"]
[Result "0-1"]
[WhiteElo "2075"]
[BlackElo "2365"]
[Annotator "Fritz 5.32 (15s)"]
[PlyCount "64"]

1. e4 e5 2. Nf3 Nc6 3. Bc4 Bc5 4. b4 Bxb4 5. c3 Be7 6. d4 exd4 7. O-O Nf6 8. e5
Ne4 9. cxd4 9... O-O $15 (9... d5 $5 10. exd6 10... Nxd6 $17 (10... Bxd6 $6 11.
Re1 f5 12. Ng5 $14)) 10. d5 Na5 11. Bd3 Nc5 12. Bc2 b6 13. Nc3 Ba6 14. Re1 Re8
15. Bb2 (15. Be3 15... Rb8 $15) 15... Nc4 16. Bc1 16... c6 $11 (16... d6 $5 $17
$142) 17. d6 17... Bf8 {Schwarz ergreift die Initiative} 18. Ne4 $17 (18. Bxh7+
Kxh7 19. Ng5+ Kg6 20. h4 Nxe5 21. h5+ Kf6 22. Nf3 $18) 18... Nxe5 19. Nxe5 $19
(19. Bg5 f6 20. Nxe5 Rxe5 (20... fxg5 {ist schnell zu verwerfen} 21. Bb3+ Ne6
22. Qf3 $16) 21. Nxf6+ gxf6 22. Rxe5 22... fxg5 $16) 19... Rxe5 20. Bb2 Rd5 21.
Qf3 21... Bb7 $4 $16 {danach kann Schwarz alle Traeume begraben} (21... Qh4 $19
$142 {nun kommt Schwarz in Vorteil}) 22. Nxc5 $4 $17 {
danach wendet sich das Blatt} (22. Nf6+ $142 22... gxf6 23. Re8 $16) 22... Rxc5
$11 (22... bxc5 $142 23. Rab1 23... Rb8 $17 (23... Rxd6 24. Bb3 Re6 25. Bxe6
fxe6 26. Bxg7 Bxg7 27. Rxb7 $16)) 23. Qd3 $2 $19 (23. Bb3 $142 {
damit waere Weiss im Spiel geblieben} 23... Rd5 24. Bxd5 cxd5 25. Qg4 $11)
23... Qh4 24. g3 (24. Bb3 Rh5 25. Be5 $19) 24... Qh3 25. Qe4 (25. Re5 Rxe5 26.
Bxe5 26... Re8 $19) 25... Bxd6 26. Rad1 (26. Bd1 26... Rg5 $19) 26... Bf8 27.
Bb3 (27. Bd3 Rh5 28. Qh1 28... d5 $19) 27... Rh5 28. Qh1 Bb4 29. Re3 Bc5 30. g4
(30. Bd4 {ist noch eine Idee} 30... Bxd4 31. Rxd4 $19) 30... Qxg4+ ({Nicht} 
30... Bxe3 31. gxh5 Bxf2+ 32. Kxf2 $19) 31. Rg3 31... Qxg3+ $1 {
macht alles klar} 32. hxg3 Rxh1+ (32... Rxh1+ 33. Kxh1 33... d5 $19) 0-1

[Event "ICS rated blitz match"]
[Site "207.99.5.190"]
[Date "1999.03.06"]
[Round "?"]
[White "Hossa"]
[Black "libertad"]
[Result "1-0"]
[WhiteElo "2370"]
[BlackElo "2070"]
[Annotator "Fritz 5.32 (15s)"]
[PlyCount "69"]

1. e4 e5 2. Nf3 Nc6 3. Bb5 Nf6 4. O-O Bc5 5. Bxc6 dxc6 6. Nxe5 O-O (6... Nxe4
7. Qe2 Qd5 (7... Qd4 8. Nf3 Qd5 9. Nc3 Qe6 10. Qxe4 O-O 11. Qxe6 Bxe6 12. d4
Be7 13. Bg5 Bd6 14. Ne4 Bb4 15. c3 Ba5 16. Nc5 Bc8 17. b4 Bb6 18. Be7 Re8 19.
Rae1 a5 20. Bg5 Rf8 21. a3 axb4 22. axb4 Bf5 23. Ra1 f6 24. Bf4 g5 25. Bg3 h5
26. h3 h4 27. Bh2 Bg6 28. Nxb7 Bd3 29. Rfe1 {1-0 ericl-richbe/ICS 1995 (29)})
8. d4 Bxd4 9. Nf3 Be6 10. c4 Qxc4 11. Qxc4 Bxf2+ 12. Rxf2 Bxc4 13. Nc3 Nxf2 14.
Kxf2 O-O-O 15. Be3 Rhe8 16. Rc1 Rd3 17. Re1 b6 18. a3 f6 19. h4 Kd7 20. Bf4
Rxe1 21. Nxe1 Rd4 22. g3 Kc8 23. Be3 Rd7 24. b4 h6 25. Kf3 g5 26. Kf2 Kd8 27.
Nf3 Rd3 28. Bd4 Ke7 29. hxg5 hxg5 30. Ne4 g4 31. Bxf6+ Ke6 32. Ne5 Rd4 33. Ke3
Rxe4+ 34. Kxe4 Bd5+ 35. Kd4 Kxf6 36. Nxg4+ Ke6 37. Nf2 Kd6 38. Ne4+ Bxe4 39.
Kxe4 c5 40. bxc5+ Kxc5 41. Ke5 {Zapata,A-Rohde,M/New York op 1988/ - (62)}) 7.
d3 7... Re8 $146 (7... Qd6 8. Bf4 Ng4 9. Nxg4 Qxf4 10. h3 f5 11. d4 fxg4 12. g3
Qxe4 13. dxc5 gxh3 14. f3 Qe3+ 15. Kh2 Be6 16. Nc3 Rad8 17. Qe1 Rd2+ 18. Kh1
Rxf3 19. Rd1 Rxd1 20. Qxd1 Rxf1+ 21. Qxf1 Qxg3 22. Qg1 Bd5+ 23. Nxd5 Qxg1+ 24.
Kxg1 24... cxd5 {0-1 Amateur-Morphy,P/New Orleans 18?? 1849 (24)}) (7... Be6 8.
Nc3 Qd6 9. Bf4 Bd4 10. Ng6 Qc5 11. Nxf8 Rxf8 12. Qd2 Ng4 13. h3 Nxf2 14. Rxf2
Bxf2+ 15. Qxf2 Qxf2+ 16. Kxf2 Rc8 17. d4 f5 18. d5 cxd5 19. Nxd5 c6 20. Ne7+
Kf7 21. Nxc8 Bxc8 22. exf5 {Djeno,M-Benoiton,N/Manila olw 1992/1-0 (36)}) (7...
Qe7 8. Nf3 Bg4 9. Bg5 Rad8 10. Nbd2 Bb4 11. c3 Ba5 12. e5 Rxd3 13. exf6 gxf6
14. Be3 Bb6 15. Re1 Bxe3 16. Rxe3 Rxe3 17. fxe3 Qxe3+ 18. Kh1 Re8 19. Qe1 Qxe1+
20. Rxe1 Rxe1+ 21. Nxe1 Be6 22. a3 {
Cawdery,D-Oliva,D/WchJM-U12 Duisburg 1992/1-0 (33)}) 8. Nf3 Bg4 9. Nc3 Qe7 10.
Be3 Bd6 (10... Rad8 11. Qe2 $14) 11. Rc1 $14 (11. h3 Bxf3 12. Qxf3 12... Qe5
$16) 11... Rad8 $16 (11... b5 12. h3 b4 13. Na4 Bxf3 14. Qxf3 $14 (14. gxf3 $6
14... Nh5 $11)) 12. Qe2 $14 (12. h3 Bxf3 13. Qxf3 13... a6 $16) 12... Nd7 $16 (
12... c5 13. h3 Bd7 14. Bg5 $16) 13. d4 $14 (13. h3 Bxf3 14. Qxf3 14... Qe5 $14
) 13... c5 $16 (13... Bb4 14. e5 $14) 14. e5 cxd4 15. exd6 15... cxd6 {
Verwehrt dem Gegner e5.} 16. Qc4 $11 (16. Bg5 $5 16... Qxg5 17. Qxe8+ (17. Nxg5
$143 17... Bxe2 18. Nxe2 18... Rxe2 $17) 17... Rxe8 18. Nxg5 dxc3 19. bxc3 $14)
16... Bxf3 17. Qxd4 ({Nachteilig ist} 17. Bxd4 17... Qg5 18. g3 Ne5 19. Bxe5
19... dxe5 $17) 17... Bc6 18. Qxa7 Ne5 19. Qd4 Qe6 20. Bg5 20... f6 $16 (20...
Qg6 21. f4 f6 22. Nd5 $11 (22. fxe5 $143 22... Qxg5 23. Qf2 23... dxe5 $17))
21. Bd2 Qf5 22. Kh1 {Weiss haelt das Heft fest in der Hand} 22... Bxg2+ $16 (
22... Re6 $5 $14) 23. Kxg2 Qf3+ 24. Kg1 Rc8 (24... Qc6 25. f4 $1 {
ueberlaesst Weiss die besseren Chancen} 25... Nf3+ 26. Rxf3 26... Qxf3 $18) 25.
Be3 (25. Qxd6 {ist klar schwaecher} 25... Rcd8 26. Qb4 26... Rxd2 $11) 25...
Kh8 26. Qf4 (26. Qxd6 Rc4 27. Bd4 Qg4+ 28. Kh1 28... Rxd4 $19 (28... Qxd4 $143
29. Qxd4 Rxd4 30. Rfe1 $16)) 26... Rxc3 (26... Qc6 27. f3 $18) 27. bxc3 Qh3 (
27... Qc6 {macht keinen grossen Unterschied} 28. f3 $18) 28. Rfd1 Nf3+ (28...
Qe6 {aendert nichts am Ausgang der Partie} 29. Rb1 Qxa2 30. Rxb7 Qxc2 31. Rxd6
Qxc3 32. Qg3 $18) 29. Kh1 29... Nh4 {Droht Matt} 30. Qg3 Qf5 31. Rd4 $1 {
entscheidend} 31... Re4 (31... g5 {nuetzt auch nichts mehr} 32. Rcd1 $18 (32.
Rxd6 $6 {ist naheliegend und schlecht} 32... Qe4+ 33. f3 33... Qxe3 $16)) 32.
Rxd6 {Droht Matt: Rd8.} (32. Qxd6 $4 32... Qf3+ 33. Kg1 Qg2#) 32... h5 33. Rd3
Rg4 (33... Kh7 {kann das Vorangegangene nicht ungeschehen machen} 34. Bd4 $18)
34. Qb8+ 34... Kh7 {Es droht Matt} 35. Qxb7 (35. Qxb7 Ng2 36. Rd5 $18) 1-0

[Event "ICS rated blitz match"]
[Site "207.99.5.190"]
[Date "1999.03.06"]
[Round "?"]
[White "fetal"]
[Black "Hossa"]
[Result "0-1"]
[WhiteElo "2147"]
[BlackElo "2375"]
[Annotator "Fritz 5.32 (15s)"]
[PlyCount "40"]

1. e4 c5 2. Nf3 Nf6 3. d4 Nxe4 (3... cxd4 4. Nxd4 e5 5. Nb3 d6 6. Be3 Be6 7.
Nc3 a6 8. h3 Be7 9. Qf3 b5 10. O-O-O O-O 11. g4 b4 12. Nd5 Nxd5 13. exd5 Bd7
14. Bd3 Bb5 15. Kb1 Bxd3 16. cxd3 Nd7 17. Nd2 Bg5 18. Nc4 Bxe3 19. fxe3 Nb6 20.
Na5 Na4 21. Nc6 Qb6 22. Ka1 Qb5 23. e4 Nc5 24. h4 f6 25. g5 Qb7 26. Qg4 a5 27.
g6 {- Bologan,V-Sakaev,K/Elista RUS 1998 (27)}) 4. dxc5 $146 (4. Nc3 Nxc3 5.
bxc3 e6 6. Bd3 d5 7. O-O Nc6 8. Re1 c4 9. Bf5 Bd6 10. Ng5 g6 11. Nxe6 fxe6 12.
Bxg6+ hxg6 13. Qg4 Qf6 14. Bg5 Qf7 15. Re3 e5 16. Qf3 e4 17. Qf6 Bxh2+ 18. Kf1
O-O 19. g3 Bh3+ 20. Ke2 Qxf6 21. Bxf6 Rxf6 22. Rh1 Bg4+ 23. Kf1 g5 24. Rxh2 Kg7
25. Rh1 Rh8 26. Rxh8 Kxh8 27. Ke1 Ne7 28. Kd2 Rxf2+ 29. Kc1 Bf3 30. Kb2 a5 31.
Ka3 b5 32. Kb2 Re2 33. Rxe2 Bxe2 34. a4 bxa4 35. Ka3 e3 36. Kxa4 Bd1 37. Kxa5
Bxc2 38. Kb6 e2 39. Kc7 e1=Q 40. Kd6 Bf5 41. g4 Qe6+ 42. Kc5 Qc6+ 43. Kb4 Qb6+
44. Ka4 Bd7+ 45. Ka3 45... Qb3# {
0-1 Berenguer,B-Smith,D/IECG, Cat-E (m/7083/ 1996 (45)}) (4. Nbd2 d5 5. Ne5 Be6
6. Qf3 a6 7. dxc5 Nxc5 8. c4 Qc7 9. Qf4 g6 10. cxd5 Bxd5 11. Bc4 Qd6 12. Ne4
Nxe4 13. Bxd5 Qxd5 14. f3 Qa5+ 15. Ke2 Nd6 16. Rd1 Qb5+ 17. Rd3 Bg7 18. a4 Qc5
19. Rc3 Qxe5+ 20. Be3 Qxf4 21. Bxf4 Bxc3 22. bxc3 O-O 23. Bxd6 exd6 24. Rd1
Re8+ 25. Kf2 Re6 26. g4 Nc6 27. h4 Rae8 28. f4 Re2+ 29. Kf1 29... R8e3 {
0-1 WoodbGM-LapuLapu/ICC 1997 (29)}) (4. Bd3 d5 5. Qe2 g6 6. Bxe4 dxe4 7. Qxe4
cxd4 8. Qe5 f6 9. Qxd4 Qxd4 10. Nxd4 a6 11. Nc3 e5 12. Nd5 Kd8 13. Nb3 Nd7 14.
Be3 a5 15. a4 Ra6 16. O-O-O Bd6 17. Rd2 Re8 18. Rhd1 Re6 19. Nb6 Nxb6 20. Rxd6+
Rxd6 21. Rxd6+ Kc7 22. Rxf6 Nxa4 23. Rf7+ Kc6 24. Rxh7 Kb5 25. h4 Rc6 26. h5
Ka6 27. h6 Bf5 28. c3 Rc8 29. Rg7 {1-0 Strand,R-Parr,F/5.corr ol 1968 (29)})
4... Qa5+ 5. c3 5... Qxc5 {Es droht Matt} ({Weniger gut ist} 5... Nxc5 6. b4
Qc7 7. bxc5 Qxc5 8. Ba3 $16) 6. Be3 Qc7 7. Qd4 (7. Bd3 7... Nc5 $15) 7... Nf6
8. Bc4 (8. Bb5 Nc6 9. Qa4 9... Nd5 $17) 8... Nc6 9. Qh4 (9. Qd2 9... e6 $17)
9... d5 10. Bf4 $4 $19 {fuehrt zu weiterem Ungemach} (10. Bb3 $17 $142) 10...
e5 11. Nxe5 Nxe5 12. Bb5+ Bd7 13. Bxd7+ Kxd7 (13... Qxd7 $6 14. Bxe5 Qe6 15.
Qa4+ Kd8 16. f4 $17) 14. O-O (14. Qh3+ Kd8 15. O-O 15... Bd6 $19) 14... Kc8 (
14... Re8 $5 {waere im Gewinnsinne praeziser} 15. Nd2 $19) 15. Qg3 (15. Qh3+
15... Nfd7 $19) 15... Ne4 16. Qh3+ Kb8 17. Qf5 (17. Nd2 Nxd2 18. Bxd2 18... Nc4
$19) 17... Bd6 18. Na3 g6 19. Qf6 (19. Qh3 {
ist vielleicht noch ein Schwindelversuch} 19... Bxa3 20. bxa3 $19) 19... Nxf6
20. Bxe5 Bxe5 (20... Bxe5 21. g3 21... Qb6 $19) 0-1

[Event "ICS rated blitz match"]
[Site "207.99.5.190"]
[Date "1999.03.06"]
[Round "?"]
[White "Hossa"]
[Black "Tacita"]
[Result "1-0"]
[WhiteElo "2376"]
[BlackElo "2093"]
[Annotator "Fritz 5.32 (15s)"]
[PlyCount "55"]

1. e4 e5 2. Nf3 Nc6 3. Bc4 Bc5 4. c3 Nf6 5. d3 h6 6. b4 Be7 (6... Bd6 7. O-O
O-O 8. Nbd2 Ne7 9. Re1 Ng6 10. Nf1 c6 11. Ng3 Bc7 12. Bb3 d5 13. h3 Re8 14. Nh2
a5 15. Qf3 Be6 16. Rd1 axb4 17. cxb4 Bd6 18. Bd2 Bf8 19. Nh5 Nxh5 20. Qxh5 Nf4
21. Qf3 dxe4 22. dxe4 Bxb3 23. Qxb3 Ne2+ 24. Kf1 Nd4 25. Qc3 Qb6 26. Qc4 Ra4
27. Rab1 Qb5 28. Qxb5 Nxb5 29. Rb2 Rea8 30. Nf3 f6 31. Ra1 Nd6 32. Ke2 Nc4 33.
Rc2 Nxd2 34. Nxd2 Bxb4 35. Nc4 Ba5 36. f3 Bd8 37. Nd6 Rb4 38. Kd2 Be7 39. Nc4
b5 40. Ne3 Rd4+ 41. Ke2 {Castillo,O-Rahman,W/Moscow olm 1994/0-1 (73)}) (6...
Bb6 7. b5 Na5 8. Nxe5 Nxc4 9. Nxc4 O-O 10. O-O d5 11. Nxb6 axb6 12. e5 Nd7 13.
d4 c6 14. Qb3 f6 15. f4 fxe5 16. fxe5 Rxf1+ 17. Kxf1 Ra5 18. c4 Qh4 19. cxd5
Rxb5 20. Qc3 Rxd5 21. Be3 Qxh2 22. Nd2 Qh1+ 23. Bg1 Nf8 24. Ne4 Ne6 25. Rd1 Nf4
26. Qg3 Qxg1+ 27. Kxg1 Ne2+ 28. Kf2 Nxg3 29. Nxg3 Be6 30. a3 Ra5 31. Rd3 Kf7
32. Ne4 Kg6 33. Rg3+ Kf7 34. Nd6+ Kf8 35. Nxb7 Ra4 36. Rd3 Ke7 37. Nd6 Kd7 38.
Kg3 g6 39. Kf4 Bd5 40. Kg3 Ke6 41. Nc8 Ra6 42. Kf2 b5 43. Rh3 h5 44. Rg3 Kf5
45. Nd6+ Kf4 46. Rxg6 Rxa3 47. g3+ {
1-0 Zaletelj,A-Ipavec,T/Bled op B 5/29 1997 (47)}) 7. b5 $146 (7. Qb3 O-O 8.
Be3 b6 9. Nh4 {- Guerra,V-Mitreski,V/EU-chJ U12 Herculane 1994 (9)}) 7... Na5
8. Nxe5 Nxc4 9. Nxc4 ({Schlechter scheint} 9. dxc4 9... d6 (9... Nxe4 $143 10.
Nxf7 Kxf7 11. Qd5+ Kf8 12. Qxe4 $16) 10. Nf3 10... Nxe4 $11) 9... d5 10. exd5
Qxd5 11. O-O Qxb5 12. Re1 Be6 13. a4 Qf5 14. Ba3 Bxa3 15. Nbxa3 O-O (15...
O-O-O 16. Ne5 $11) 16. Rb1 16... b6 {Deckt a5} 17. Ne3 Qc5 18. Nac4 Rad8 19.
Rb5 $15 (19. d4 Qc6 20. Qb3 20... Nd5 $11) 19... Qc6 20. Qc2 (20. Re5 20...
Rfe8 $15) 20... Rfe8 (20... Bxc4 21. Nxc4 Nd5 22. Qd2 $15) 21. Re5 $17 (21. Ne5
$5 {ist zu erwaegen} 21... Qd6 22. d4 $15) 21... Bd5 $15 (21... Nd7 $5 22. Rb5
Bxc4 23. dxc4 23... Ne5 $17) 22. Re2 a6 23. Kh1 $17 (23. a5 $5 $15) 23... Ng4
$4 $18 {gibt den Vorteil aus der Hand} (23... Bxc4 $142 24. Nxc4 24... Nd5 $17)
24. Nxg4 (24. Rxd5 Nxe3 25. Nxe3 Rxd5 26. Nxd5 Rxe2 27. Qxe2 27... Qxd5 $15)
24... Bxg2+ 25. Kg1 25... Bh3 {Droht Matt: Qg2} 26. Rxe8+ Rxe8 27. Rxe8+ Qxe8
28. Nge3 (28. Nge3 Bd7 29. a5 bxa5 30. d4 $16) 1-0

[Event "ICS rated blitz match"]
[Site "207.99.5.190"]
[Date "1999.03.06"]
[Round "?"]
[White "Poderoso"]
[Black "Hossa"]
[Result "1-0"]
[WhiteElo "2428"]
[BlackElo "2381"]
[Annotator "Crafty v16.5"]
[PlyCount "145"]

{annotating for player Hossa using a scoring margin of +0.10 pawns. search
time limit is 20.00} 1. d4 1... Nf6 2. Nf3 e6 3. Bg5 Bb4+ 4. c3 Be7 5. e3 O-O
6. Bd3 Nc6 7. Qc2 h6 8. Bh4 d5 ({9:-0.53} 8... d5 9. O-O Ng4 10. Bg3 Bd6 11.
Bxd6 Qxd6 12. Nbd2 e5 13. Bh7+ Kh8 14. Bd3 exd4 15. cxd4 $14) ({9:-0.39} 8...
d6 9. Bg3 e5 10. dxe5 Nxe5 11. Nxe5 dxe5 12. Bxe5 Ng4 13. Bf4 13... Be6 $14) 9.
O-O Bd7 10. Nbd2 Bd6 11. Rae1 Rc8 12. e4 Bf4 ({9:-0.88} 12... Bf4 13. e5 g5 14.
Bg3 Nh5 15. Bxf4 Nxf4 16. Nb3 Qe7 17. Bb5 $16) ({9:-0.43} 12... dxe4 13. Nxe4
Be7 14. Nxf6+ Bxf6 15. Bg3 Re8 16. Bf4 a6 17. Qb3 b5 18. Qc2 $14) 13. exd5 exd5
14. Qb3 Rb8 ({8:-1.04} 14... Rb8 15. Bxf6 Qxf6 16. Qxd5 Be6 17. Qe4 Rfe8 18. d5
18... Bd7 $16) ({8:-0.39} 14... Na5 15. Qa3 Nc6 16. Nb3 Ra8 17. Qc5 Be6 18. Bg6
$14) 15. Bxf6 Qxf6 16. Qxd5 Bxd2 17. Nxd2 Rbd8 18. Ne4 Qh4 19. Nc5 Bc8 20. Qe4
Qxe4 21. Bxe4 Na5 22. b3 b6 23. Nd3 Ba6 24. Rd1 c5 25. Rfe1 Rfe8 26. Nf4 Bb5
27. d5 c4 28. a4 Bd7 29. b4 Nb3 30. b5 Bg4 31. f3 Nc5 32. Bc2 Bc8 33. Rxe8+
Rxe8 34. d6 g5 35. Nd5 Kg7 36. Kf2 Rd8 37. Ne7 Kf6 38. Nxc8 Rxc8 39. f4 gxf4
40. Rd4 Ke5 41. Rxc4 Rd8 42. Kf3 Ne6 43. Rc6 Rxd6 44. Rxd6 Kxd6 45. Kg4 Ke5 46.
Kh5 f3 47. gxf3 Kf4 48. Kxh6 Kxf3 49. h4 Kg4 50. h5 f6 51. Bd1+ Kf5 52. Kh7 Kg5
53. h6 f5 54. Bb3 Nf8+ 55. Kg7 f4 56. Bd5 Kh5 57. c4 Kg5 58. Kxf8 Kg6 59. a5
Kxh6 60. axb6 axb6 61. c5 bxc5 62. b6 f3 63. Bxf3 Kg5 64. b7 Kf4 65. Bc6 Ke3
66. b8=Q Kd3 67. Qb3+ Kd4 68. Qd5+ Kc3 69. Qxc5+ Kd2 70. Qd4+ Ke2 71. Kf7 Kf1
72. Qd2 Kg1 73. Qg2# 1-0

[Event "ICS rated blitz match"]
[Site "207.99.5.190"]
[Date "1999.03.06"]
[Round "?"]
[White "Hossa"]
[Black "Poderoso"]
[Result "0-1"]
[WhiteElo "2369"]
[BlackElo "2453"]
[Annotator "Crafty v16.5"]
[PlyCount "48"]

{annotating for player Hossa using a scoring margin of +0.10 pawns. search
time limit is 20.00} 1. e4 1... e6 2. d4 d5 3. Nc3 Bb4 4. Qg4 ({8:-0.43} 4. Qg4
4... Nf6 5. Qxg7 Rg8 6. Qh6 Rg6 7. Qf4 7... Nxe4 $15) ({8:+0.10} 4. exd5 4...
exd5 5. Bd3 Bxc3+ 6. bxc3 Nf6 7. Ne2 Nc6 8. O-O O-O 9. Bf4 $10) 4... Nf6 5.
Qxg7 Rg8 6. Qh6 c5 7. Bg5 ({7:-0.17} 7. Bg5 7... Rg6 8. Bxf6 Qxf6 9. e5 Rxh6
10. exf6 Rxf6 11. dxc5 11... Bxc5 $10) ({7:+0.54} 7. dxc5 7... Bxc5 8. Nh3 Rg6
9. Qd2 Nxe4 10. Nxe4 dxe4 11. Qxd8+ Kxd8 12. Bf4 $14) 7... Bxc3+ 8. bxc3 Rg6 9.
Bxf6 Qxf6 10. Qxh7 ({9:+0.54} 10. Qxh7 10... cxd4 11. exd5 exd5 12. Qh5 d3 13.
O-O-O Qxc3 14. Bxd3 Rxg2 15. Qxd5 15... Rxf2 $14) ({9:+0.96} 10. Qe3 10... Nc6
11. Nf3 dxe4 12. Qxe4 Bd7 13. Ne5 Nxe5 14. dxe5 Qf5 15. Qxb7 15... Qxe5+ $16)
10... cxd4 11. exd5 ({8:+0.20} 11. exd5 11... exd5 12. Qh5 Rg5 13. Qf3 Qe7+ 14.
Kd2 Nc6 15. cxd4 Nxd4 16. Qf4 $10) ({8:+0.54} 11. Nf3 11... dxc3 12. e5 Qe7 13.
Nh4 Rg4 14. Bb5+ Kd8 15. g3 $14) 11... exd5 12. O-O-O dxc3 13. g3 ({8:-0.18} 
13. g3 13... Bf5 14. Bd3 Be4 15. Bxe4 dxe4 16. Ne2 Qg5+ 17. Nf4 17... Nc6 $10)
({8:+0.27} 13. Ne2 13... Nc6 14. Rxd5 Be6 15. Rd6 Nb4 16. Rxe6+ fxe6 17. Nxc3
$10) 13... Bf5 14. Bb5+ ({8:-0.71} 14. Bb5+ 14... Nc6 15. Bxc6+ bxc6 16. Qh5
O-O-O 17. Qe2 d4 18. Nf3 Bh3 19. Rhe1 $17) ({8:-0.15} 14. Bd3 14... Bxd3 15.
Rxd3 d4 16. Rf3 Qg7 17. Qxg7 Rxg7 18. Ne2 18... Nc6 $10) 14... Nc6 15. Bd3 ({
7:-1.65} 15. Bd3 15... Nb4 16. Re1+ Kd7 17. Bxf5+ Qxf5 18. Qh3 Nxa2+ 19. Kd1
Qxh3 20. Nxh3 20... d4 $19) ({7:-0.71} 15. Bxc6+ 15... bxc6 16. Qh5 O-O-O 17.
Qe2 d4 18. Nf3 Bh3 19. Rhe1 $17) 15... Nb4 16. a4 Bxd3 17. Rxd3 Nxd3+ 18. cxd3
Qxf2 19. Qh8+ Kd7 20. Qxc3 Rc8 21. Qxc8+ Kxc8 22. a5 Rc6+ 23. Kd1 Rc2 24. h4
Qd2# 0-1